[Event "ICS rated blitz match"]
[Site "204.178.125.65"]
[Date "1999.10.16"]
[Round "?"]
[White "Adrian73"]
[Black "Hossa"]
[Result "0-1"]
[WhiteElo "2219"]
[BlackElo "2506"]
[PlyCount "38"]
[EventDate "1999.??.??"]

1. e4 e6 2. d3 d5 3. Nd2 c5 4. Ngf3 Nc6 5. g3 Bd6 6. Bg2 Nge7 7. O-O O-O 8. Re1
Re8 9. c3 Bd7 10. h4 Qb6 11. e5 Bc7 12. Nf1 Rac8 13. Bf4 Qxb2 14. Ng5 h6 15.
Qh5 hxg5 16. hxg5 Nxe5 17. Nh2 Nxd3 18. Bxc7 Qxf2+ 19. Kh1 19... Nxe1 {
Adrian73 resigns} 0-1

[Event "ICS rated blitz match"]
[Site "204.178.125.65"]
[Date "1999.10.15"]
[Round "?"]
[White "Amateur"]
[Black "Hossa"]
[Result "1-0"]
[WhiteElo "2511"]
[BlackElo "2407"]
[PlyCount "153"]
[EventDate "1999.??.??"]

1. c4 b6 2. e3 Nc6 3. Nf3 e5 4. Nc3 Bb4 5. Nd5 e4 6. Nd4 Nge7 7. Nb5 Nxd5 8.
cxd5 Ne7 9. Qc2 O-O 10. Qxe4 c5 11. dxc6 Nxc6 12. Bd3 g6 13. a3 d5 14. Qf4 Be7
15. Qc7 Bd7 16. O-O Rc8 17. Qxd8 Rfxd8 18. Nc3 Bg4 19. Ba6 Rc7 20. b4 Bh4 21.
Bb2 Nb8 22. Bd3 Nc6 23. Nb5 Rcc8 24. Rac1 Be7 25. Rc2 a6 26. Nc3 d4 27. Bxa6
Bf5 28. e4 dxc3 29. Rxc3 Bxe4 30. Bxc8 Rxc8 31. Re1 f5 32. f3 Bg5 33. fxe4 Bxd2
34. Re2 Bxc3 35. Bxc3 Ra8 36. b5 Na7 37. a4 fxe4 38. Rxe4 Nc8 39. Re6 Rb8 40.
Kf2 Kf7 41. Rf6+ Ke8 42. Ke3 Rb7 43. Bd4 Re7+ 44. Kd3 Rb7 45. Kc4 Ke7 46. Rc6
Kd7 47. Kb3 Rb8 48. h4 Rb7 49. Kc4 Rb8 50. Rf6 Ke7 51. Kd5 Rb7 52. Kc6 Rb8 53.
Be5 Ra8 54. Kb7 Rxa4 55. Kxc8 Re4 56. Bc3 Rxh4 57. Rxb6 Rg4 58. Rc6 Re4 59.
Bf6+ Kf7 60. b6 h6 61. b7 Rb4 62. Be5 Rb5 63. Rf6+ Kg7 64. Rd6+ Kf7 65. g4 h5
66. gxh5 gxh5 67. Bd4 Ke7 68. Rb6 Rf5 69. Kc7 Rf4 70. Bc5+ Kf7 71. b8=Q Kg7 72.
Qe8 Rf7+ 73. Kd8 h4 74. Bd4+ Rf6 75. Bxf6+ Kh7 76. Be5 h3 77. Qh8# {
Hossa checkmated} 1-0

[Event "ICS rated blitz match"]
[Site "204.178.125.65"]
[Date "1999.09.28"]
[Round "?"]
[White "Amateur"]
[Black "Hossa"]
[Result "1-0"]
[WhiteElo "2451"]
[BlackElo "2449"]
[PlyCount "92"]
[EventDate "1999.??.??"]

1. e4 c5 2. Nf3 Nc6 3. d4 cxd4 4. Nxd4 e6 5. Nc3 Qc7 6. Be2 a6 7. Nxc6 bxc6 8.
Be3 d5 9. exd5 cxd5 10. O-O Bd6 11. f4 Ne7 12. Bd3 Rb8 13. Rb1 O-O 14. Qh5 Ng6
15. Rf2 Bb4 16. Bd4 f5 17. Qf3 Bd6 18. Ne2 Qa5 19. a3 Rf7 20. Qh5 Rfb7 21. c4
Bxa3 22. Ra1 Rxb2 23. Bxb2 Rxb2 24. Qf3 Ne7 25. cxd5 exd5 26. Bxf5 Nxf5 27.
Qxa3 Qxa3 28. Rxa3 d4 29. Nc1 Rxf2 30. Kxf2 Bb7 31. Nb3 Ne3 32. Nxd4 Nxg2 33.
Kg3 g6 34. Nf3 Bxf3 35. Rxf3 Ne1 36. Rc3 Kf7 37. Kf2 Ke6 38. Re3+ Kd5 39. Kxe1
a5 40. Re7 a4 41. Rxh7 Ke4 42. Rg7 Kf5 43. Ke2 Kf6 44. Ra7 a3 45. Rxa3 Ke6 46.
Ra6+ 46... Kd5 {Hossa resigns} 1-0

[Event "ICS rated blitz match"]
[Site "204.178.125.65"]
[Date "1999.09.13"]
[Round "?"]
[White "Amateur"]
[Black "Hossa"]
[Result "1-0"]
[WhiteElo "2488"]
[BlackElo "2397"]
[PlyCount "153"]
[EventDate "1999.??.??"]

1. e4 e5 2. Nf3 Nc6 3. Bb5 a6 4. Ba4 b5 5. Bb3 Nf6 6. O-O Bc5 7. d3 d6 8. Bg5
O-O 9. Nc3 Bg4 10. Bd5 Bd7 11. a4 b4 12. Ne2 Rc8 13. d4 exd4 14. Nexd4 Nxd4 15.
Nxd4 c6 16. Bc4 Ra8 17. Nb3 Bb6 18. Qd3 Bc8 19. a5 Bc7 20. Qd4 Re8 21. Rfe1 Bd7
22. Re3 Qe7 23. Bxf6 gxf6 24. Qd3 f5 25. exf5 Qf6 26. Rxe8+ Rxe8 27. Qg3+ Kh8
28. c3 Bc8 29. cxb4 Qxb2 30. Rf1 Rg8 31. Qe3 d5 32. Be2 Bd6 33. Rc1 Bxb4 34.
Rxc6 Bb7 35. Rb6 Rxg2+ 36. Kh1 Bd6 37. Rxd6 d4 38. Rxd4 Rxf2+ 39. Kg1 Rg2+ 40.
Kf1 Qb1+ 41. Nc1 Qxf5+ 42. Rf4 Qd7 43. Qe5+ Kg8 44. Rd4 Qc8 45. Qf6 Qxc1+ 46.
Rd1 Qxd1+ 47. Bxd1 Rg6 48. Qf4 Bg2+ 49. Kf2 Bh3 50. Bh5 Rg2+ 51. Ke3 Be6 52.
Be2 h6 53. Bxa6 Rg5 54. Qb8+ Kg7 55. Bc8 Bxc8 56. Qxc8 Re5+ 57. Kf3 Kh7 58. a6
Ra5 59. Qb7 Ra3+ 60. Ke4 Kg6 61. a7 f5+ 62. Ke5 Ra5+ 63. Kf4 Ra4+ 64. Ke5 Ra5+
65. Ke6 Ra2 66. Qf7+ Kg5 67. Qxf5+ Kh4 68. Qf4+ Kh5 69. h3 Ra6+ 70. Kd5 Ra5+
71. Kc6 Kg6 72. Qg3+ Rg5 73. Qd6+ Kh5 74. a8=Q Rg4 75. Qe8+ Kg5 76. Qg8+ Kf5
77. Qxg4# {Hossa checkmated} 1-0

[Event "ICS rated blitz match"]
[Site "204.178.125.65"]
[Date "1999.10.07"]
[Round "?"]
[White "Amateur"]
[Black "Hossa"]
[Result "1-0"]
[WhiteElo "2423"]
[BlackElo "2522"]
[PlyCount "89"]
[EventDate "1999.??.??"]

1. g3 d5 2. Nf3 c6 3. Bg2 Nf6 4. d3 Nbd7 5. O-O e5 6. Bg5 Bd6 7. c4 Qb6 8. b3
O-O 9. cxd5 cxd5 10. Nbd2 Qa6 11. d4 Re8 12. a4 exd4 13. Nxd4 Be5 14. N2f3 Ne4
15. Be3 Bd6 16. Nb5 Ndf6 17. Rc1 Bg4 18. Rc2 Bb8 19. Bd4 Rc8 20. Ne1 Bf5 21.
Rxc8+ Bxc8 22. Nd3 Ng4 23. Nb4 Qh6 24. h3 Ngf6 25. Be3 Qh5 26. Bxe4 Be6 27. Bg2
a5 28. Nxd5 Nxd5 29. Nc3 Be5 30. Nxd5 Bxh3 31. Ne7+ Kh8 32. Qd5 f6 33. Bxh3
Qxh3 34. Rd1 Re8 35. Qb5 Qh5 36. f4 Qf7 37. Nf5 Bb8 38. Rd7 Qf8 39. Bc5 Qg8 40.
Qxb7 Rxe2 41. Rd8 Re1+ 42. Kf2 Re8 43. Rxe8 Bc7 44. Qxc7 Qxe8 45. Qxg7# {
Hossa checkmated} 1-0

[Event "ICS rated blitz match"]
[Site "204.178.125.65"]
[Date "1999.09.21"]
[Round "?"]
[White "Amateur"]
[Black "Hossa"]
[Result "1-0"]
[WhiteElo "2499"]
[BlackElo "2402"]
[PlyCount "153"]
[EventDate "1999.??.??"]

1. e4 c5 2. Nf3 e6 3. d4 cxd4 4. Nxd4 a6 5. Bd3 Nc6 6. Nxc6 bxc6 7. O-O d5 8.
c4 Bd6 9. cxd5 cxd5 10. exd5 exd5 11. Re1+ Ne7 12. Qh5 h6 13. Nc3 d4 14. Ne4
Ra7 15. Nxd6+ Qxd6 16. Re4 O-O 17. b3 Nc6 18. Bf4 Qg6 19. Qxg6 fxg6 20. Bd6 Rd8
21. Bc5 Bf5 22. Bc4+ Kh7 23. Rf4 Raa8 24. Bb6 Rd7 25. g4 Bc2 26. Rc1 Rb8 27.
Rxc2 Rxb6 28. Rf8 Rb8 29. Bg8+ Kh8 30. Rxb8 Nxb8 31. Rc8 d3 32. Bc4+ Kh7 33.
Bg8+ Kh8 34. Rxb8 d2 35. Bc4+ Kh7 36. Bg8+ Kh8 37. Bd5+ Kh7 38. Bf3 d1=Q+ 39.
Bxd1 Rxd1+ 40. Kg2 Rd6 41. Ra8 g5 42. Kf3 Rd3+ 43. Ke4 Rd6 44. Ke5 Rf6 45. f3
Kg6 46. Kd5 Kh7 47. Ra7 Kg6 48. b4 Rb6 49. a3 Kh7 50. Rf7 Kg8 51. Re7 Kh7 52.
Rc7 Rf6 53. Rc6 Rxf3 54. Rxa6 Rh3 55. a4 Rxh2 56. Rc6 h5 57. gxh5 Rxh5 58. b5
g4+ 59. Ke4 g3 60. Kf3 Rh4 61. Ra6 Rg4 62. Kg2 g6 63. b6 Kg7 64. Ra5 Rd4 65. b7
Rd2+ 66. Kxg3 Rd8 67. Ra8 Rd3+ 68. Kf2 Rd2+ 69. Ke3 Rd7 70. b8=Q Re7+ 71. Kf4
Rf7+ 72. Kg4 Kf6 73. Qd6+ Kg7 74. Qe5+ Rf6 75. Kg5 Kh7 76. Kxf6 Kh6 77. Rh8# {
Hossa checkmated} 1-0

[Event "ICS rated blitz match"]
[Site "204.178.125.65"]
[Date "1999.09.04"]
[Round "?"]
[White "Amateur"]
[Black "Hossa"]
[Result "1-0"]
[WhiteElo "2455"]
[BlackElo "2511"]
[PlyCount "58"]
[EventDate "1999.??.??"]

1. e4 e5 2. Nf3 Nf6 3. d4 exd4 4. e5 Ne4 5. Qxd4 f5 6. exf6 Nxf6 7. Qe5+ Be7 8.
Qg5 O-O 9. Bd2 Nc6 10. Nc3 Nb4 11. O-O-O d5 12. Qg3 Ne4 13. Nxe4 Nxa2+ 14. Kb1
Bf5 15. Bh6 Bg6 16. Bxg7 Kxg7 17. Kxa2 c6 18. Neg5 Kh8 19. Bd3 Bxd3 20. Rxd3
Bxg5 21. Nxg5 Qa5+ 22. Ra3 Qd8 23. Ne6 Qf6 24. Nxf8 Qxf8 25. Re1 Qf6 26. Qc7 a6
27. Re7 d4 28. Rg3 Qe6+ 29. Rxe6 29... Rg8 {Hossa resigns} 1-0

[Event "ICS rated blitz match"]
[Site "204.178.125.65"]
[Date "1999.09.04"]
[Round "?"]
[White "Amateur"]
[Black "Hossa"]
[Result "1-0"]
[WhiteElo "2477"]
[BlackElo "2480"]
[PlyCount "133"]
[EventDate "1999.??.??"]

1. e4 e5 2. Nf3 Nc6 3. Bb5 Nf6 4. O-O Bc5 5. d3 d6 6. c3 O-O 7. Bg5 Bg4 8. b4
Bb6 9. Nbd2 Rb8 10. Qa4 Bd7 11. Nc4 a6 12. Bxf6 Qxf6 13. Nxb6 cxb6 14. Bxc6
Bxc6 15. Qd1 d5 16. d4 exd4 17. e5 Qe7 18. Qxd4 Bb5 19. Rfe1 Qe6 20. Re3 Rbe8
21. Qh4 Bc4 22. Nd4 Qg6 23. Rg3 Qe4 24. Rxg7+ Kxg7 25. Qf6+ Kg8 26. Nf5 Qxf5
27. Qxf5 Re6 28. Qg5+ Kh8 29. f4 Rg8 30. Qh4 Reg6 31. g3 Re8 32. f5 Rc6 33. Qd4
Kg8 34. Qg4+ Kh8 35. f6 Rg8 36. Qd7 Rf8 37. Qxb7 Re6 38. Qc7 Kg8 39. h3 Rfe8
40. Qd7 h6 41. h4 h5 42. Re1 Bxa2 43. Kf2 a5 44. g4 hxg4 45. Rg1 Kf8 46. Rxg4
axb4 47. Rg7 R8e7 48. Rh7 Kg8 49. fxe7 Kxh7 50. cxb4 Rxe5 51. e8=Q Rxe8 52.
Qxf7+ Kh6 53. Qxe8 Bc4 54. Qh8+ Kg6 55. h5+ Kf7 56. h6 Bd3 57. h7 Bxh7 58.
Qxh7+ Ke8 59. Qb7 b5 60. Qxb5+ Kf7 61. Qxd5+ Kg6 62. b5 Kh7 63. Qg5 Kh8 64. b6
Kh7 65. b7 Kh8 66. b8=Q+ Kh7 67. Qbg8# {Hossa checkmated} 1-0

[Event "ICS rated blitz match"]
[Site "204.178.125.65"]
[Date "1999.09.04"]
[Round "?"]
[White "Amateur"]
[Black "Hossa"]
[Result "1/2-1/2"]
[WhiteElo "2492"]
[BlackElo "2557"]
[PlyCount "158"]
[EventDate "1999.??.??"]

1. e4 e5 2. Nf3 Nf6 3. Nxe5 d6 4. Nf3 Nxe4 5. Be2 d5 6. d3 Nf6 7. O-O Nbd7 8.
Bf4 Be7 9. Nc3 O-O 10. Nb5 Ne8 11. Qd2 c6 12. Nbd4 Nd6 13. Rae1 Re8 14. Ng5 h6
15. Ngf3 c5 16. Nb3 a5 17. Qd1 a4 18. Nbd2 a3 19. b3 Nb5 20. Nb1 d4 21. Bg3 b6
22. Qc1 Ba6 23. c4 dxc3 24. Nxc3 Nf6 25. Nxb5 Bxb5 26. Ne5 Bf8 27. Nc4 Ra7 28.
Bf3 Ra6 29. Rxe8 Nxe8 30. Re1 Nf6 31. Be5 Nd7 32. Bf4 Nf6 33. Bg3 Nd5 34. Qd2
Nb4 35. Be4 Ra7 36. Qe2 g6 37. Rd1 Rd7 38. Ne5 Rd4 39. Qf3 Qe7 40. Re1 Bg7 41.
Nxg6 fxg6 42. Bd5+ Nxd5 43. Rxe7 Nxe7 44. Qb7 Rxd3 45. h4 Nd5 46. h5 gxh5 47.
Kh2 Bb2 48. Qc8+ Kg7 49. Bd6 Kf6 50. Qd8+ Ke6 51. Bg3 Kf7 52. Qb8 Bd7 53. Qa7
Nb4 54. Qxb6 Nxa2 55. Qxc5 Kg6 56. Qb6+ Kg7 57. Bf4 Kf7 58. Qxh6 Bf5 59. Qxh5+
Bg6 60. Qc5 Ke6 61. Qc4+ Kf6 62. Qa6+ Kg7 63. b4 Rd5 64. Qb7+ Bf7 65. Qb6 Nc3
66. Qe3 Kf6 67. Qf3 Rf5 68. Qc6+ Kg7 69. Bh6+ Kh7 70. Qd7 Rxf2 71. Be3 Rf6 72.
Bd4 Rh6+ 73. Kg1 Ne2+ 74. Kf2 Nxd4 75. Qxf7+ Kh8 76. Qf8+ Kh7 77. Qf7+ Kh8 78.
Qf8+ Kh7 79. Qf7+ 79... Kh8 {Game drawn by repetition} 1/2-1/2

[Event "ICS rated blitz match"]
[Site "204.178.125.65"]
[Date "1999.09.12"]
[Round "?"]
[White "Amateur"]
[Black "Hossa"]
[Result "1-0"]
[WhiteElo "2471"]
[BlackElo "2472"]
[PlyCount "76"]
[EventDate "1999.??.??"]

1. e4 e5 2. Nf3 Nf6 3. Nxe5 d6 4. Nf3 Nxe4 5. Qe2 Qe7 6. d3 Nf6 7. Bg5 Nbd7 8.
Nc3 Qxe2+ 9. Bxe2 Be7 10. Nb5 Bd8 11. O-O O-O 12. Rfe1 Re8 13. Nfd4 a6 14. Nc3
c5 15. Nf5 d5 16. d4 cxd4 17. Nxd4 Ba5 18. Bd3 Bxc3 19. bxc3 Rxe1+ 20. Rxe1 b5
21. Nf5 h6 22. Ne7+ Kf8 23. Bc1 g5 24. Nf5 Nc5 25. Ba3 Nfd7 26. Re7 h5 27. f4
gxf4 28. Be2 h4 29. Bh5 b4 30. cxb4 Ne6 31. Rxf7+ Ke8 32. Re7+ Kd8 33. Rxe6 h3
34. Bc1 Nb8 35. Re8+ Kd7 36. Bxf4 Nc6 37. Nd6 Nxb4 38. Bg4+ 38... Kc6 {
Hossa resigns} 1-0

[Event "ICS rated blitz match"]
[Site "204.178.125.65"]
[Date "1999.09.21"]
[Round "?"]
[White "Amateur"]
[Black "Hossa"]
[Result "1/2-1/2"]
[WhiteElo "2495"]
[BlackElo "2379"]
[PlyCount "132"]
[EventDate "1999.??.??"]

1. e4 e5 2. Nf3 Nf6 3. Nxe5 d6 4. Nf3 Nxe4 5. d4 Bf5 6. Bf4 Be7 7. Bd3 O-O 8.
Nbd2 d5 9. O-O Nxd2 10. Qxd2 Bxd3 11. Qxd3 Nd7 12. Qf5 Nf6 13. Rae1 Re8 14. Re3
c5 15. Rfe1 cxd4 16. Nxd4 Qb6 17. Nb3 Bd6 18. Bg5 Qb4 19. Rxe8+ Rxe8 20. Rxe8+
Nxe8 21. g3 Qe1+ 22. Kg2 Qe6 23. Qxe6 fxe6 24. Na5 Be5 25. c3 Nd6 26. Be7 Nc8
27. Bh4 b6 28. Nc6 Bf6 29. Bxf6 gxf6 30. Kf3 e5 31. Kg4 a5 32. Kh5 Kg7 33. g4
Nd6 34. Nd8 Ne4 35. f4 a4 36. a3 Nc5 37. fxe5 fxe5 38. Kg5 d4 39. cxd4 h6+ 40.
Kf5 exd4 41. Kf4 d3 42. Ke3 Kg6 43. Nc6 Kg5 44. Ne5 b5 45. Nf7+ Kxg4 46. Nxh6+
Kh3 47. Nf7 Kxh2 48. Nd6 Kg3 49. Nxb5 Kg2 50. Nc3 d2 51. Kxd2 Kf3 52. Nb5 Ke4
53. Kc3 Kd5 54. Kb4 Nd3+ 55. Kxa4 Nxb2+ 56. Kb4 Nd3+ 57. Kc3 Ne5 58. a4 Kc6 59.
Nd4+ Kb6 60. Nb3 Kc6 61. Kd4 Nd7 62. Na5+ Kc7 63. Nb3 Kc6 64. Nd2 Nc5 65. a5
Kb5 66. a6 66... Nxa6 {Game drawn because neither player has mating material}
1/2-1/2

[Event "ICS rated blitz match"]
[Site "204.178.125.65"]
[Date "1999.09.04"]
[Round "?"]
[White "Amateur"]
[Black "Hossa"]
[Result "1-0"]
[WhiteElo "2459"]
[BlackElo "2505"]
[PlyCount "223"]
[EventDate "1999.??.??"]

1. e4 g6 2. d4 Bg7 3. Nf3 Nf6 4. e5 Ne4 5. Bd3 d5 6. Nbd2 Nxd2 7. Bxd2 Bg4 8.
h3 Bxf3 9. Qxf3 O-O 10. O-O-O c5 11. dxc5 Nc6 12. e6 fxe6 13. Qe3 e5 14. Bc3
Rc8 15. g3 d4 16. Qe2 b6 17. Ba6 Rc7 18. cxb6 axb6 19. Bc4+ Kh8 20. h4 Qc8 21.
Be1 Nd8 22. Bb3 Qb7 23. Qf1 Qf3 24. h5 Bh6+ 25. Bd2 Bxd2+ 26. Rxd2 gxh5 27. Rh3
Qg4 28. Qh1 Rf5 29. Qa8 Rf8 30. Rh2 Qg6 31. Qh1 Rf5 32. Bd5 Rg5 33. Qf3 Qe8 34.
Rd3 Ra7 35. Rh4 Ra5 36. a3 Rc5 37. Rd1 Kg7 38. Rd2 b5 39. Rd1 Qg6 40. Rd2 Rf5
41. Qg2 Qf6 42. Be4 Rg5 43. Rd1 Ne6 44. f3 Qh6 45. Rd2 Kh8 46. Qg1 Qg7 47. Qe1
Nf8 48. Rh3 Qf7 49. Kb1 Ne6 50. Qf2 Qg8 51. Rd1 Qe8 52. Rdh1 Qf7 53. Rg1 Rg7
54. Rh4 Rg8 55. Rf1 Ng7 56. Rg1 Rgc8 57. Rh2 Kg8 58. Qd2 Qf6 59. Qd3 Qh6 60.
Re1 e6 61. Rf1 Rc4 62. Qb3 Qg5 63. f4 exf4 64. Rxf4 e5 65. Qxb5 Ra4 66. Qb7
Raa8 67. Qf7+ Kh8 68. Rf3 Rab8 69. Bb7 Re8 70. Qb3 Ne6 71. Qd5 Re7 72. Bc6 Rd8
73. Qc4 Rc8 74. Qa6 Rg8 75. Qb6 Rd8 76. Be4 Kg7 77. Rhf2 Rde8 78. Bd5 h4 79.
Rf5 Qg4 80. gxh4 Qxh4 81. Rg2+ Kh8 82. Rxe5 d3 83. cxd3 Ng7 84. Rxe7 Qxe7 85.
Rc2 Qd7 86. Qd4 Re1+ 87. Ka2 Re8 88. Rf2 Rd8 89. Rf6 Qe8 90. Rf1 Qd7 91. Qc5
Ne6 92. Qc3+ Ng7 93. Bb3 Rc8 94. Rf7 Qxf7 95. Qxc8+ Qe8 96. Qxe8+ Nxe8 97. a4
Nc7 98. Bc4 h5 99. b4 h4 100. b5 Kh7 101. b6 Na6 102. Bxa6 Kh6 103. b7 Kg5 104.
b8=Q Kf5 105. Bc8+ Kf6 106. a5 Kg6 107. a6 Kh6 108. Qf4+ Kg7 109. a7 Kg8 110.
a8=Q Kh7 111. Qf6 Kg8 112. Bf5# {Hossa checkmated} 1-0

[Event "ICS rated blitz match"]
[Site "204.178.125.65"]
[Date "1999.10.03"]
[Round "?"]
[White "Amateur"]
[Black "Hossa"]
[Result "0-1"]
[WhiteElo "2409"]
[BlackElo "2501"]
[PlyCount "150"]
[EventDate "1999.??.??"]

1. e4 c5 2. Nf3 Nc6 3. d4 cxd4 4. Nxd4 Nf6 5. Nc3 d6 6. Bc4 e5 7. Nxc6 bxc6 8.
Bg5 Be7 9. Qd3 O-O 10. O-O-O Rb8 11. Bxf6 gxf6 12. Qg3+ Kh8 13. Qf3 Qb6 14. Bb3
Rg8 15. Na4 Qa5 16. Rd3 Bg4 17. Qe3 f5 18. g3 Rb4 19. Nc3 fxe4 20. Nxe4 d5 21.
Nd2 f6 22. a3 Rb5 23. Nb1 Bf5 24. Rdd1 Rb7 25. f3 Bc5 26. Qe2 Qb6 27. Nd2 Be3
28. Rde1 Bxc2 29. Qxe3 Bxb3 30. Nxb3 Qxb3 31. Qxb3 Rxb3 32. Rhf1 Rgb8 33. Rf2
Kg7 34. Ree2 c5 35. Rc2 R8b5 36. Rce2 c4 37. Rc2 Ra5 38. g4 h6 39. h3 Ra4 40.
Rf1 a5 41. h4 d4 42. Rcf2 c3 43. bxc3 Rxc3+ 44. Kb2 Raxa3 45. h5 a4 46. Kb1
Rab3+ 47. Ka2 Kg8 48. Ka1 Kf7 49. Ka2 Ke7 50. Ka1 a3 51. Ka2 Kd6 52. Rb1 Rxb1
53. Kxb1 Kc5 54. Rf1 Rb3+ 55. Ka1 Kc4 56. Rf2 d3 57. Ka2 Kc3 58. Rf1 d2 59. Rd1
Rb7 60. Rf1 Kc2 61. Kxa3 d1=Q 62. Rxd1 Kxd1 63. Ka4 Ke2 64. Ka5 Kxf3 65. Ka6
Kxg4 66. Kxb7 e4 67. Kc6 e3 68. Kd6 Kxh5 69. Kd5 e2 70. Ke6 e1=Q+ 71. Kxf6 Kg4
72. Kf7 Kg5 73. Kg7 Qe8 74. Kh7 Kf6 75. Kxh6 75... Qh8# {Amateur checkmated}
0-1

[Event "ICS rated blitz match"]
[Site "204.178.125.65"]
[Date "1999.10.07"]
[Round "?"]
[White "Amateur"]
[Black "Hossa"]
[Result "1-0"]
[WhiteElo "2430"]
[BlackElo "2515"]
[PlyCount "153"]
[EventDate "1999.??.??"]

1. d4 Nf6 2. c4 e6 3. Nf3 b6 4. g3 Bb4+ 5. Bd2 Bxd2+ 6. Qxd2 Ba6 7. Na3 O-O 8.
Bg2 c5 9. dxc5 bxc5 10. Ne5 d5 11. O-O Qd6 12. Nd3 Nbd7 13. Rac1 Rab8 14. Rfd1
d4 15. Rc2 e5 16. Qg5 e4 17. Nf4 Rfe8 18. Nh3 Re5 19. Qf4 Qe7 20. Rf1 Nf8 21.
Qd2 Ne6 22. Qa5 Bc8 23. b3 Ng4 24. Rd1 a6 25. Rf1 Bb7 26. Rb2 Qc7 27. Qxc7 Nxc7
28. b4 cxb4 29. Rxb4 Ne6 30. Rfb1 Nc5 31. Nf4 Nh6 32. Nc2 g5 33. Nd5 d3 34. Nd4
dxe2 35. Nc6 a5 36. Rb5 Bxc6 37. Rxb8+ Kg7 38. Nc3 Nd7 39. R8b2 Rc5 40. Nxe4
Bxe4 41. Bxe4 Rxc4 42. Rxe2 Nf6 43. Bd3 Rd4 44. Bc2 Rd5 45. Kg2 Nhg4 46. Rb7
Ne5 47. Bb3 Rc5 48. Bxf7 Nxf7 49. Ree7 Rc2 50. Rxf7+ Kg6 51. Rg7+ Kh6 52. Rgc7
Rxa2 53. Rb6 Kg6 54. Rcc6 Kg7 55. Rxf6 Ra1 56. Rfc6 Re1 57. Rb7+ Kf8 58. Rc8+
Re8 59. Rxe8+ Kxe8 60. Rxh7 Kd8 61. Rg7 g4 62. Ra7 Ke8 63. f3 gxf3+ 64. Kxf3 a4
65. Kg4 a3 66. Kg5 a2 67. Kg6 a1=R 68. Rxa1 Kd7 69. h4 Kd6 70. h5 Kd5 71. h6
Kd4 72. h7 Kd5 73. h8=Q Ke4 74. Qc3 Kd5 75. Rd1+ Ke4 76. Qd3+ Ke5 77. Qe3# {
Hossa checkmated} 1-0

[Event "ICS rated blitz match"]
[Site "204.178.125.65"]
[Date "1999.10.09"]
[Round "?"]
[White "Atheist"]
[Black "Hossa"]
[Result "0-1"]
[WhiteElo "2251"]
[BlackElo "2441"]
[PlyCount "156"]
[EventDate "1999.??.??"]

1. g3 d5 2. Bg2 e5 3. c4 dxc4 4. Qa4+ Nd7 5. Qxc4 Ngf6 6. Nc3 Bd6 7. Nf3 Nb6 8.
Qb3 O-O 9. d3 Bg4 10. O-O Qe7 11. Bg5 Be6 12. Qc2 Rfd8 13. Ne4 Nbd5 14. a3 Bf5
15. Nxd6 Rxd6 16. e4 Be6 17. exd5 Bxd5 18. Nd2 Rc6 19. Qa4 Bxg2 20. Kxg2 Rb6
21. Qc2 Qd7 22. Bxf6 Rxf6 23. Ne4 Rh6 24. h4 Rc6 25. Qe2 Rd8 26. Rfd1 Rh6 27.
Rac1 Rb6 28. b4 f6 29. Rc5 c6 30. Nc3 Ra6 31. a4 b6 32. Rc4 b5 33. axb5 cxb5
34. Rc5 Rc6 35. Rd5 Rd6 36. Rxd6 Qxd6 37. Qe4 Qd7 38. Ra1 h5 39. Ra5 Qxd3 40.
Qxd3 Rxd3 41. Nxb5 Rb3 42. Rxa7 Rxb4 43. Nd6 g6 44. Re7 Rd4 45. Nc8 Kf8 46. Rc7
Rd3 47. Nb6 Ke8 48. Rg7 Rd6 49. Nc4 Rc6 50. Ne3 f5 51. Rh7 Kd8 52. Rh8+ Kd7 53.
Rh7+ Kd8 54. Rg7 Ke8 55. Nd5 Kf8 56. Rh7 Rd6 57. Nc7 e4 58. Rh8+ Ke7 59. Re8+
Kd7 60. Rg8 Kxc7 61. Rg7+ Kb6 62. Re7 Kc5 63. Re8 Kd5 64. Re7 Kd4 65. Re8 Kc4
66. Re7 Kd5 67. Re8 Kd4 68. Re7 Kd3 69. Re8 Kc3 70. Kg1 Kd2 71. Re7 Ke1 72. Re8
Rd2 73. Re7 Rxf2 74. Re6 Rf3 75. Re7 Rxg3+ 76. Kh2 Kf2 77. Re6 Rg4 78. Re5
78... Rxh4# {Atheist checkmated} 0-1

[Event "ICS rated blitz match"]
[Site "204.178.125.65"]
[Date "1999.09.05"]
[Round "?"]
[White "AxlRose"]
[Black "Hossa"]
[Result "0-1"]
[WhiteElo "2130"]
[BlackElo "2435"]
[PlyCount "68"]
[EventDate "1999.??.??"]

1. e4 c5 2. Nf3 d6 3. d3 Nc6 4. g3 e5 5. Bg2 Be7 6. O-O Nf6 7. c4 O-O 8. Nc3
Bg4 9. h3 Bh5 10. g4 Bg6 11. Bg5 Nd4 12. Bxf6 Bxf6 13. Nxd4 cxd4 14. Nd5 Bh4
15. f4 f6 16. f5 Bf7 17. Nb4 Rc8 18. b3 Qd7 19. Nc2 b5 20. Na3 bxc4 21. dxc4
Rfd8 22. Nb1 Bg5 23. Nd2 Be3+ 24. Kh1 Be8 25. Nf3 Qb7 26. Qd3 Bd7 27. h4 Qb6
28. g5 fxg5 29. hxg5 Bc6 30. f6 gxf6 31. gxf6 Rf8 32. Bh3 Rce8 33. Nh4 Qb7 34.
Rf3 34... Bxe4 {AxlRose resigns} 0-1

[Event "ICS rated blitz match"]
[Site "204.178.125.65"]
[Date "1999.09.12"]
[Round "?"]
[White "AxlRose"]
[Black "Hossa"]
[Result "0-1"]
[WhiteElo "2134"]
[BlackElo "2462"]
[PlyCount "32"]
[EventDate "1999.??.??"]

1. e4 c5 2. c3 d5 3. exd5 Qxd5 4. d4 Bf5 5. Nf3 Nc6 6. Be2 cxd4 7. Nxd4 Qxg2 8.
Bf3 Qg6 9. Nxc6 bxc6 10. Qa4 Bd7 11. Na3 e5 12. Be3 Bxa3 13. bxa3 Ne7 14. Bc5
Qd3 15. Bxe7 Qxf3 16. O-O 16... Bh3 {AxlRose resigns} 0-1

[Event "ICS rated blitz match"]
[Site "204.178.125.65"]
[Date "1999.09.05"]
[Round "?"]
[White "AxlRose"]
[Black "Hossa"]
[Result "0-1"]
[WhiteElo "2140"]
[BlackElo "2425"]
[PlyCount "44"]
[EventDate "1999.??.??"]

1. e4 c5 2. d3 e6 3. f4 d5 4. e5 Nc6 5. Nf3 Nd4 6. c3 Nxf3+ 7. Qxf3 Nh6 8. d4
cxd4 9. cxd4 Qb6 10. Qf2 Nf5 11. Nc3 Nxd4 12. Bb5+ Nxb5 13. Qxb6 axb6 14. Nxb5
Kd7 15. Be3 Bc5 16. Bd4 Ra4 17. Bxc5 bxc5 18. O-O Rb4 19. Nd6 Rxb2 20. f5 Rf8
21. Nxf7 Rxf7 22. fxe6+ 22... Kxe6 {AxlRose resigns} 0-1

[Event "ICS rated blitz match"]
[Site "204.178.125.65"]
[Date "1999.09.05"]
[Round "?"]
[White "AxlRose"]
[Black "Hossa"]
[Result "0-1"]
[WhiteElo "2129"]
[BlackElo "2436"]
[PlyCount "42"]
[EventDate "1999.??.??"]

1. e4 c5 2. d3 e6 3. f4 d5 4. e5 Nc6 5. Nf3 Nd4 6. Nxd4 cxd4 7. Be2 Bc5 8. O-O
Ne7 9. Kh1 O-O 10. Nd2 f6 11. Nb3 Bb6 12. exf6 Rxf6 13. a4 Nf5 14. Bg4 Ne3 15.
Bxe3 dxe3 16. d4 Bc7 17. g3 g5 18. fxg5 Rxf1+ 19. Qxf1 Qxg5 20. Qe2 e5 21. c3
21... Bxg4 {AxlRose resigns} 0-1

[Event "ICS rated blitz match"]
[Site "204.178.125.65"]
[Date "1999.09.05"]
[Round "?"]
[White "AxlRose"]
[Black "Hossa"]
[Result "0-1"]
[WhiteElo "2121"]
[BlackElo "2444"]
[PlyCount "114"]
[EventDate "1999.??.??"]

1. d4 d5 2. c4 e6 3. Nc3 Nf6 4. Bg5 Be7 5. cxd5 exd5 6. e3 O-O 7. Bd3 Re8 8.
Nge2 Nc6 9. O-O Nb4 10. Bb1 Ng4 11. Bxe7 Rxe7 12. a3 Nc6 13. b4 Re8 14. Qd3 Nf6
15. Ng3 a5 16. b5 Na7 17. a4 Rb8 18. f3 c6 19. Ba2 Be6 20. Rae1 cxb5 21. Nxb5
Nxb5 22. Qxb5 Bd7 23. Qb3 b5 24. axb5 Bxb5 25. Rf2 a4 26. Qa3 Qe7 27. Qxe7 Rxe7
28. Rc2 Bd7 29. Rc5 Rb5 30. Rec1 Rb2 31. e4 Rxa2 32. e5 Ne8 33. Rxd5 f6 34. f4
Rd2 35. Ne4 Rb2 36. Nc5 Bc6 37. Rd8 Rxg2+ 38. Kf1 Rxh2 39. Rc3 Rh4 40. d5 Rxf4+
41. Kg1 Rd4 42. Ne6 Rxd5 43. Rxc6 Rxe6 44. Rxe6 Rxd8 45. exf6 Nxf6 46. Ra6 Rd4
47. Ra7 g5 48. Kf2 h5 49. Kg3 h4+ 50. Kg2 g4 51. Kh2 Nd7 52. Kg1 Kf7 53. Kf1 h3
54. Kg1 g3 55. Rxd7+ Rxd7 56. Kf1 Re7 57. Kg1 57... Re1# {AxlRose checkmated}
0-1

[Event "ICS rated blitz match"]
[Site "204.178.125.65"]
[Date "1999.09.12"]
[Round "?"]
[White "Banane"]
[Black "Hossa"]
[Result "0-1"]
[WhiteElo "2086"]
[BlackElo "2455"]
[PlyCount "46"]
[EventDate "1999.??.??"]

1. d4 Nf6 2. Bg5 Ne4 3. Bf4 e6 4. f3 Bb4+ 5. c3 Bd6 6. Bxd6 Nxd6 7. Nd2 Nf5 8.
Kf2 Qh4+ 9. g3 Nxg3 10. hxg3 Qxh1 11. Bg2 Qh5 12. e4 d5 13. e5 O-O 14. Ne2 f6
15. exf6 Rxf6 16. f4 b6 17. Bf3 Qh2+ 18. Ke3 Ba6 19. Qe1 Bxe2 20. Bxe2 c5 21.
Nf3 Qg2 22. Rb1 Nc6 23. Bf1 23... Qc2 {Banane resigns} 0-1

[Event "ICS rated blitz match"]
[Site "204.178.125.65"]
[Date "1999.09.11"]
[Round "?"]
[White "Banane"]
[Black "Hossa"]
[Result "0-1"]
[WhiteElo "2111"]
[BlackElo "2441"]
[PlyCount "54"]
[EventDate "1999.??.??"]

1. e4 e5 2. Bc4 Nf6 3. d3 Bb4+ 4. c3 Be7 5. f4 exf4 6. Bxf4 d5 7. exd5 Nxd5 8.
Bxd5 Qxd5 9. Qf3 Qb5 10. Qf2 Qxd3 11. Nf3 Na6 12. Nbd2 Qc2 13. O-O Qxb2 14.
Rfe1 O-O 15. Rad1 Bc5 16. Be3 Bxe3 17. Rxe3 Qxa2 18. Qh4 Bf5 19. Nd4 Bc2 20.
Rc1 Bg6 21. N2f3 c5 22. Ne2 Rfe8 23. Rxe8+ Rxe8 24. Nf4 Qb2 25. Rf1 Qxc3 26.
Nxg6 fxg6 27. Ng5 27... Qd4+ {Banane resigns} 0-1